| 000 | 00854nam0a22002651 4500 | ||
|---|---|---|---|
| 001 | rc\138224 | ||
| 005 | 20250620203755.0 | ||
| 010 |
_a5-256-00578-2 _94500 |
||
| 035 | _a(NLR Aleph) 005410523 | ||
| 090 |
_a7368972 _c7368972 |
||
| 100 | _a20030307d1993 |||y0rusy50 ca | ||
| 101 | 0 | _arus | |
| 102 | _aRU | ||
| 105 | _ay ||||||||| | ||
| 200 | 1 | _aВведение в язык SDL | |
| 210 |
_aМ. _cРадио и связь _d1993 |
||
| 215 |
_a182, [1] с. _d21 |
||
| 320 | _aБиблиогр.: с. 181 (9 назв.) | ||
| 700 | 1 |
_aКарабегов _bА.В. _gАлександр Владимирович |
|
| 701 | 1 |
_7ca _8rus _aТер-Микаэлян _bТ. М. _f1921- _gТеодор Михайлович _9226222 _3RU\NLR\AUTH\770226278 |
|
| 801 | 0 |
_aRU _bNLR _gpsbo |
|
| 801 | 1 |
_aRU _bELAR _2rusmarc |
|
| 852 |
_aNLR _j93-3/1897 |
||
| 942 | _cBOOK | ||
| 980 | _aNB | ||